000 00614cam a2200217 4500
001 D16030
008 090401t1974 xxu||||| |||| 00| 0 eng d
035 _a(Sirsi) u26669
041 _aeng
050 _a725.21
100 _aObayiuwana, F.O.S.
245 _aRationalisation of retail locations, by F.O.S. Obayiuwana, Winner of the President`s Prize, 1974
260 _bUnpublished RICS
_c1974
300 _a20p
350 _a0
520 _aFiled in box 1974/14A
710 _aRoyal Institution of Chartered Surveyors
_94900
710 _aJunior Organisation
_91081
942 _n0
948 _c04/03/1997
999 _c88963
_d88963